Rhine-Ruhr metropolitan Cities - Statistics

General Stats
  • This quiz has been taken 54 times
  • The average score is 19 of 34
Answer Stats
Population Answer % Correct
1,089,879 Cologne
100%
587,696 Dortmund
96%
644,280 Düsseldorf
94%
588,375 Essen
94%
335,975 Bonn
90%
495,885 Duisburg
85%
351,050 Wuppertal
85%
385,626 Bochum
77%
274,090 Mönchengladbach
71%
249,070 Aachen
69%
268,102 Gelsenkirchen
67%
160,819 Leverkusen
67%
179,238 Hamm
65%
317,713 Münster
63%
212,568 Oberhausen
60%
161,366 Solingen
60%
759,224 Frankfurt
58%
227,050 Krefeld
58%
117,311 Bottrop
56%
156,621 Herne
56%
170,739 Mülheim
56%
110,714 Recklinghausen
56%
103,725 Moers
52%
152,731 Neuss
52%
111,645 Bergisch Gladbach
50%
95,107 Witten
44%
91,722 Ratingen
33%
113,638 Koblenz
31%
91,814 Düren
29%
30,298 Haan
25%
64,553 Dormagen
8%
58,754 Euskirchen
6%
59,223 Langenfeld
6%
271,621 Oberbergischer Kreis
2%
No matching quizzes found
Score Distribution
Percent of People with Each Score
Percentile by Number Answered
Your Score History
You have not taken this quiz